| 000 | 01345cam a22003497a 4500 | ||
|---|---|---|---|
| 001 | 15874723 | ||
| 005 | 20100204125250.0 | ||
| 008 | 090820s2010 caua 001 0 eng d | ||
| 010 | _a 2009281155 | ||
| 015 |
_aGBA947198 _2bnb |
||
| 016 | 7 |
_a015180971 _2Uk |
|
| 020 | _a9780321601353 | ||
| 020 | _a0321601351 | ||
| 035 | _a(OCoLC)ocn308171267 | ||
| 040 |
_aBTCTA _cBTCTA _dUKM _dYDXCP _dNLGGC _dBWX _dOCLCQ _dVGM _dOCLCA _dTXI _dDLC |
||
| 042 | _alccopycat | ||
| 050 | 0 | 0 |
_aTK5105.888 _b.C7875 2010 |
| 082 | 0 | 4 |
_a006.76 _222 _bCUR |
| 084 |
_a54.84 _2bcl |
||
| 100 | 1 |
_aCurtis, Nathan. _911301 |
|
| 245 | 1 | 0 |
_aModular Web design : _bcreating reusable components for user experience design / _cNathan Curtis. |
| 260 |
_aBerkeley, CA : _bPeachpit Press, _cc2010. |
||
| 300 |
_axi, 340 p. : _bill. ; _c23 cm. |
||
| 490 | 0 | _aVoices that matter | |
| 500 | _aIncludes index. | ||
| 650 | 0 |
_aWeb sites _xDesign. _911302 |
|
| 650 | 0 |
_aWeb site development. _911303 |
|
| 942 |
_2ddc _cBB |
||
| 999 |
_c13367 _d13367 |
||